00857nam a22002053i 450000100060000000300080000600500170001400800410003103500190007204000270009104100080011808200280012624502790015426401070043330000230054033600210056333700250058433800230060965000190063281081BD-RjUL20230115125823.0230115s1851 ii ||| | urd d a(BD-RjUL)81081 aUkOxUbengerdacUkOxU aeng 223a297.1225 bDIT 185100aTafsīr-i Fatḥ al-ʻAzīz :تفسير فتح العزيز :bsipārah-yi ʻamma kā tarjumah /سپارہ عم کا ترجمہ /c[Shāh ʻAbd al-ʻAzīz Dihlavī] ; [tarjumah Ḥasan Ḵẖān].[شاہ عبد العزيز دہلوی] ؛ [ترجمہ حسن خان]. 1a[Lakhnaʼū] :لکھنؤ :bMat̤baʻ-i Muṣt̤afāʼī,مطبع مصطفائی،c1267 [1851] a240 pages ;c32 cm atext2rdacontent aunmediated2rdamedia avolume2rdacarrier aQuran vTafsir